Медицинска онкология (Запис номер 326278)
[ съкратено ]
| 000 -Лидер | |
|---|---|
| Контролно поле с фиксирана дължина | nam a22 7a 4500 |
| 003 - Код на организацията, давaща контролен номер | |
| Контролно поле | BLK |
| 005 - Дата и час на последна редакция | |
| Контролно поле | 20201007040518.0 |
| 008 - Елементи от данни с фиксирана дължина | |
| fixed length control field | 181115b bu ||||| |||| 00| 0 bu d |
| 020 ## - Международен стандартен номер на книга ISBN | |
| Международен стандартен номер на книга ISBN | 978-954-326-334-9 |
| 040 ## - Източник на каталожния запис | |
| Идентификатор на билиотеката - собственик на записа | BLK |
| 041 ## - Код за език | |
| Код за езика на текст/звукозапис или на отделно заглавие | Български |
| Код за езика КДБФ | Български |
| 080 ## - УДК | |
| Текстов определител УДК | Тумори. Неоплазми (новообразувания). Онкология (учение за туморите) |
| УДК код - определител по УДК | 616-006 |
| УДК - код + определител | 616-006(075.8) |
| УДК определител | (075.8) |
| 100 1# - Редна дума - Автор | |
| Автор | Константа В. Тимчева |
| Титли или други наименования, свързани с автора | проф. д-р |
| Авторска отговорност | първи автор |
| R(LIN) | 1299 |
| 139 ## - Редно поле | |
| Редна дума | Константа В. Тимчева |
| Авторски знак | Тим - Т 55 |
| 245 ## - Сведения за заглавието | |
| Заглавие | Медицинска онкология |
| Подзаглавни данни | Том 1, Обща част |
| Дата на създаване на произведението | 2018 г. |
| Том | І |
| Заглавие на том | Обща част |
| 260 ## - Област на издателските данни | |
| 9 (RLIN) | 209799 |
| Име на издателя, разпространителя и проч. | Парадигма |
| Година на издаване | 2018 г. |
| Печатница | Булгед |
| Дата на отпечатване | 2018 г. |
| Издателство - префикс ISBN | 978-954-326- ; 954-9536- |
| 300 ## - Физическа характеристика | |
| Страници | 395 с. |
| Илюстрации и др. | с ил. |
| Размери/Мащаб | 24 см |
| 380 ## - Жанр | |
| Жанр | Медицина |
| 500 ## - Общи забележки | |
| Забележка | Имената на авт. отбелязани на с. 393-395, на състав. - на гърба на предзагл. с., на авт. на предг. - на с. 8<br/>Други авт.: Мариана Атанасова, Драган Бобев, Елина Белева, Иван Бонев, Ваня Бонева, Борислав Борисов, Анна-Мария Борисова, Нели Великова, Светлана Велчова, Спартак Вълев, Иван Гаврилов, Ива Гаврилова, Димчо Георгиев, Иван Георгиев, Жанет Грудева, Венцислав Добрев, Надя Димитрова, Николай Добрев, Николай Йорданов, Теодора Караниколова, Красимир Киров, Красимир Койнов, Борис Кръстев, Елисавета Кръстева, Марчела Колева, Радка Кънева, Цвета Миленкова, Надежда Митева, Атанаска Миткова, Иглика Михайлова, Камен Недев, Иванка Ненова, Нели Гешева, Манаси Николов, Елена Петкова, Милена Перухова, Димитър Петров, Мила Петрова, Веселин Попов, Веселина Първанова, Юлиан Райнов, Соня Сергиева, Георги Стаменов, Цветалина Танкова, Маргарита Таушанова, Константа Тимчева, Стоян Ханджиев, Светломира Христова, Искра Христозова, Александър Шинков, Николай Цонев, Мария Чолакова<br/>Възприетата форма на името на авт. Жанет Грудева е Жанет Грудева Грудева-Попова, на Елисавета Кръстева е Елисавета Кръстева Миленкова<br/>Пълното име на авт. Нели Великова е Недялка Великова Георгиева<br/>1. изд. 2012 на изд. Парадокс<br/>Библиогр. след отд. гл. |
| 650 #0 - Допълнително описание по предмет – тема | |
| 9 (RLIN) | 390709 |
| Основно описание – тема или топоним | Онкология - учебници за ВУЗ |
| 653 #7 - Ключова дума – ненормативна | |
| 9 (RLIN) | 190721 |
| Ключова дума | медицина |
| 653 #7 - Ключова дума – ненормативна | |
| 9 (RLIN) | 192805 |
| Ключова дума | онкология |
| 700 ## - Други автори (авторска отговорност) | |
| 9 (RLIN) | 1311 |
| Лично име | Йорданова, Диана |
| Автороска отговорност (Описва отношението между автора и произведението) | ред. |
| 700 ## - Други автори (авторска отговорност) | |
| 9 (RLIN) | 390420 |
| Лично име | Радева, Яница |
| Автороска отговорност (Описва отношението между автора и произведението) | кор. |
| 700 ## - Други автори (авторска отговорност) | |
| 9 (RLIN) | 390421 |
| Лично име | Цвети Павлова |
| Автороска отговорност (Описва отношението между автора и произведението) | предпечат |
| 700 ## - Други автори (авторска отговорност) | |
| 9 (RLIN) | 390711 |
| Лично име | Цвети Павлова |
| Автороска отговорност (Описва отношението между автора и произведението) | корица |
| 852 ## - Местоположение | |
| Форматна сигнатура | Цб 291665 |
| Фондова буква | Хранилище |
| 999 ## - СИСТЕМНИ КОНТРОЛНИ НОМЕРА | |
| Koha biblionumber | 326278 |
| Koha biblioitemnumber | 326278 |
| 942 ## - АРТИКУЛИ | |
| Вид на библиотечния материал | Книги |
| Скрит в OPAC | Не |
| 944 ## - СЪЗДАВАНЕ И РЕДАКЦИЯ на ЗАПИСА | |
| Създаване/Редакция | Създаване |
| Дата на регистрацията/редакция | 2018-11-15 |
| Служител, извършил регистрацията/редакцията | Тони Тончев |
| Статус, дата на статуса | 2018-11-15 |
| 999 ## - СИСТЕМНИ КОНТРОЛНИ НОМЕРА | |
| Koha biblioitemnumber | 326278 |
| 999 ## - СИСТЕМНИ КОНТРОЛНИ НОМЕРА | |
| Koha biblioitemnumber | 326278 |
| 999 ## - СИСТЕМНИ КОНТРОЛНИ НОМЕРА | |
| Koha biblioitemnumber | 326278 |
| 999 ## - СИСТЕМНИ КОНТРОЛНИ НОМЕРА | |
| Koha biblioitemnumber | 326278 |
| 999 ## - СИСТЕМНИ КОНТРОЛНИ НОМЕРА | |
| Koha biblioitemnumber | 326278 |
| 999 ## - СИСТЕМНИ КОНТРОЛНИ НОМЕРА | |
| Koha biblioitemnumber | 326278 |
| 999 ## - СИСТЕМНИ КОНТРОЛНИ НОМЕРА | |
| Koha biblioitemnumber | 326278 |
| Код за отписване | Код за изгубен артикул | Източник на класификационната схема | Код за повреда | Коз за рестрикции | Код за отдаване | Артикулен № | Име на библиотеката - собственик | Име на библиотеката, в която се намира в момента | Статус (Текущо местоположение) | Дата на вписване в системата | Местоположение - отдел | Цена в лева | Инвентарен номер | Систематично азбучна сигнатура | Баркод | Цена в евро | Служебен тип на артикула |
|---|---|---|---|---|---|---|---|---|---|---|---|---|---|---|---|---|---|
| Не е изгубен | Universal Decimal Classification | Не е повреден | само за читалня | ползва се в читалня | 682122 | Регионална библиотека "Любен Каравелов" Русе | Регионална библиотека "Любен Каравелов" Русе | Хранилище | 2018-11-16 | Хранилище | 25.00 | 120000825515 | Цб 291665 | 120000825515 | 12.78 | Книги | |
| Не е изгубен | Universal Decimal Classification | Не е повреден | само за читалня | ползва се в читалня | 688066 | Регионална библиотека "Любен Каравелов" Русе | Регионална библиотека "Любен Каравелов" Русе | Читалня | 2019-01-02 | Читалня | 32.00 | Ч 616/Т 55 | 120000828804 | 16.36 | Книги |